Sports Quiz

Random Sports or NFL Quiz
Score 0/53 Timer 12:00
0 Plays Today
Position Player % Correct
QBPeyton Manning
94.8%
RBC.J. Anderson
94.6%
OLBVon Miller
92.5%
WRDemaryius Thomas
90.6%
WREmmanuel Sanders
89%
CBAqib Talib
88.5%
OLBDeMarcus Ware
86.9%
CBChris Harris Jr
86.6%
QBBrock Osweiler
83.6%
TRyan Harris
82.6%
ST.J. Ward
81.7%
RBRonnie Hillman
78.9%
DEMalik Jackson
77.5%
KBrandon McManus
76.8%
DEDerek Wolfe
76.8%
CBBradley Roby
73.7%
TEOwen Daniels
73%
ILBTodd Davis
73%
TEVernon Davis
73%
ILBBrandon Marshall
73%
SDarian Stewart
71.4%
TEVirgil Green
70.4%
ILBDanny Trevathan
69.5%
PBritton Colquitt
68.8%
NTSylvester Williams
67.8%
CMatt Paradis
63.1%
OLBShane Ray
60.6%
Position Player % Correct
QBTrevor Siemian
58.7%
WRBennie Fowler
57.5%
WRJordan Norwood
56.1%
OLBShaquil Barrett
55.2%
WRCody Latimer
54.2%
GLouis Vasquez
53.1%
WRAndre Caldwell
51.6%
GEvan Mathis
50.9%
RBJuwan Thompson
49.8%
C/GMax Garcia
49.3%
DEAntonio Smith
48.4%
CBKayvon Webster
47.4%
TMichael Schofield
46%
SShiloh Keo
43%
DEVance Walker
38.7%
LSAaron Brewer
35.4%
CBLorenzo Doss
33.3%
NTDarius Kilgo
31.7%
SJosh Bush
31.2%
ILBCorey Nelson
30.8%
TTyler Polumbus
29.6%
CJames Ferentz
26.8%
OLBLarentee McCray
25.8%
CBTaurean Nixon
24.6%
CSam Brenner
23.2%
GRobert Myers Jr
16.9%
Come Together.
Have Fun.
All Virtual.
We all need to come together. Play Sporcle's virtual live trivia to have fun, connect with people, and get your trivia on. Join a live hosted trivia game for your favorite pub trivia experience done virtually. If a virtual private party is more your thing, go here for details.

You're not logged in!

Compare scores with friends on all Sporcle quizzes.
OR
Log In

Sporcle TV

Today on Sporcle TV


Watch our educational content, quiz creation guides, and fun videos on Sporcle TV.

Show Comments

Extras

Top Quizzes Today


Score Distribution

Paid Content

Your Account Isn't Verified!

In order to create a playlist on Sporcle, you need to verify the email address you used during registration. Go to your Sporcle Settings to finish the process.

Report this User

Report this user for behavior that violates our Community Guidelines.

Details: